Normal view
MARC view
- सगट, अंबादास
Entry Personal Name
001 - CONTROL NUMBER
- control field: 216779
003 - CONTROL NUMBER IDENTIFIER
- control field: OSt
005 - DATE AND TIME OF LATEST TRANSACTION
- control field: 20260223111730.0
008 - FIXED-LENGTH DATA ELEMENTS
- fixed length control field: 260223|| aca||aabn | a|a d
040 ## - CATALOGING SOURCE
- Original cataloging agency: OSt
- Transcribing agency: OSt
100 ## - HEADING--PERSONAL NAME
- Personal name: सगट, अंबादास
670 ## - SOURCE DATA FOUND
- Source citation: Work cat.: (OSt)370471: सगट, अंबादास, अण्णाभाऊ साठे व्यक्ती आणि वाङ्मय, 2021